| 000 | 01174nam a2200229Ia 4500 | ||
|---|---|---|---|
| 001 | L262-19662 | ||
| 003 | IT-CnALBA | ||
| 008 | 170116s9999||||xx |||||||||||||| ||und|| | ||
| 040 |
_aIT-CnALBA _cIT-CnALBA |
||
| 041 | _aITALIANO | ||
| 100 | _aLAGHI PIO | ||
| 245 | 0 | _aVERITA'TIS SPLENDOR. TESTO INTEGRALE E COMMENTO FILOSOFICO E TEOLOGICO. | |
| 250 | _a1a ed. | ||
| 260 |
_aCINISELLO BALSAMO (MI) _bEDIZIONI PAOLINE _c1994 [1° Ed.:1994 - Ed.Ling.Originale: 1994] |
||
| 300 | _a430 p. (prefazione: 5) | ||
| 500 | _aCURATORE, RAMON LUCAS. PRESENTAZIONE DEL CARD. RATZINGER. CRISTO RISPOSTA. FEDE E MORALE. TEOLOGIA E MAGISTERO. EPISTEMOLOGIA. NATURA E LIBERTÀ. COSCIENZA MORALE. ATTO MORALE. PERSONA UMANA. RINNOVAMENTO SOCIO POLITICO. | ||
| 501 | _aSocietà San Paolo EM - Piazza San Paolo, 14 - 12051 ALBA (CN) (non commercial uses only) ® Copyright 2017 | ||
| 520 | _aCURATORE, RAMON LUCAS. PRESENTAZIONE DEL CARD. RATZINGER. CRISTO RISPOSTA. FEDE E MORALE. TEOLOGIA E MAGISTERO. EPISTEMOLOGIA. NATURA E LIBERTÀ. COSCIENZA MORALE. ATTO MORALE. PERSONA UMANA. RINNOVAMENTO SOCIO POLITICO. | ||
| 650 | _aECCLESIOLOGIA | ||
| 942 | _cBK | ||
| 957 | _71 | ||
| 999 |
_a24401 _bNO _g Copie: 1 _c278783 _d278783 |
||